000 00394nam a2200145Ia 4500
008 211109s9999||||xx |||||||||||||| ||und||
082 _a894.8123
_bANA-A
100 _aAnand,
245 0 _aAalkoottam
260 _bD c Books
_aKottayam
_c1970
300 _a489p.
630 _xGENERAL STACK
650 _aMalayalam literature
_vMalayalam fiction
_xLiterature & rhetoricGeneralia
942 _cBOOK
999 _c44949
_d44949